00414nam a2200169Ia 4500008004100000020001400041050001600055100001800071245003200089245002100121260001000142260003700152260000900189300001600198300002000214300001000234170918s9999 xx 000 0 und d a87338539X bG661ta 1996 aGoran, Lester aTales from the irish club / cby Lester Goran. aUSA : bThe Kent State University Press, c1996 a132 pages : billustrations ; c22cm.